Paris Olympics Athletics Medallists - Statistics

General Stats
  • This quiz has been taken 30 times
  • The average score is 33 of 43
Answer Stats
# Answer % Correct
10 United Kingdom
100%
34 United States
100%
4 China
97%
4 Germany
97%
3 Italy
97%
6 Jamaica
93%
1 Japan
93%
3 Norway
93%
1 Sweden
93%
7 Australia
90%
2 Brazil
90%
11 Kenya
90%
6 Netherlands
90%
2 New Zealand
90%
1 Poland
90%
1 Portugal
90%
4 Spain
90%
3 Belgium
86%
5 Canada
86%
4 Ethiopia
86%
1 France
86%
1 India
86%
2 South Africa
86%
1 Morocco
83%
2 Botswana
79%
2 Greece
76%
2 Uganda
76%
3 Ukraine
72%
1 Hungary
69%
1 Qatar
66%
2 Saint Lucia
66%
1 Algeria
62%
1 Croatia
62%
1 Pakistan
62%
1 Lithuania
55%
2 Bahrain
48%
1 Czech Republic
48%
1 Dominican Republic
45%
2 Ecuador
45%
1 Dominica
38%
2 Grenada
38%
1 Puerto Rico
38%
1 Zambia
34%
No matching quizzes found
Score Distribution
Percent of People with Each Score
Percentile by Number Answered
Your Score History
You have not taken this quiz